000 00453nam a22001697a 4500
005 20241223092754.0
008 241220b ||||| |||| 00| 0 eng d
040 _cAL
041 _aEnglish
082 _223
_a348.04
_bEASS
100 _aEastern Book Company
_9191836
245 _aSupreme Court Cases 1994: Vol 5
260 _aLucknow
_bEastern Book Company
300 _bHB
650 _a Mode of Citation (1994) 5 SCC
_9191752
942 _2ddc
_cBI
999 _c233222
_d233222